000 00800nam a2200181Ia 4500
008 100920s9999 xx 000 0 und d
082 _b13585
_a410 थ 62
100 _aदेशपांडे मु.गो.
245 _aपाश्चात्य प्रतिभा (होमर ते हेमिंग्वे).
260 _bमहाराष्ट्र प्रकाशन गृह, कोल्हापूर.
_c1962
300 _a419
_bसाधी
365 _b15
520 _aभाषा.
630 _aपाश्चात्य प्रतिभा (होमर ते हेमिंग्वे).
650 _aभाषा.
730 _aपाश्चात्य प्रतिभा (होमर ते हेमिंग्वे).
942 _cBOOK
999 _c678006
_d678003